000 00333nam a2200097Ia 4500
008 220120s9999||||xx |||||||||||||| ||und||
100 _aJithesh Jayaram and others
_912601
245 0 _ainplementation of tracking system on andriod mobile terminal
260 _aCoorg Institute of Technology
_bPonnampet
_c2016
650 _aCOMPUTER SCIENCE
999 _c138199
_d138199